000 00283nam a2200109Ia 4500
008 220204s9999 xx 000 0 und d
082 _a065
_bHOR
100 _aHorowitz, Ira
245 0 _aDecision making and the theory of firm
260 _aNew York
_bHolt Rinehart
_c1970
942 _cBK
999 _c28157
_d28157